Wireless and mobile network architectures (Record no. 8342)
[ view plain ]
| 000 -LEADER | |
|---|---|
| fixed length control field | 01129 a2200205 4500 |
| 020 ## - INTERNATIONAL STANDARD BOOK NUMBER | |
| International Standard Book Number | 0471394920 |
| 040 ## - CATALOGING SOURCE | |
| Original cataloging agency | DLC |
| Language of cataloging | DLC |
| 100 1# - MAIN ENTRY--PERSONAL NAME | |
| Personal name | Chlamtac, Imrich. |
| 245 10 - TITLE STATEMENT | |
| Title | Wireless and mobile network architectures |
| Statement of responsibility, etc. | Imrich Chlamtac, Jason Yi-Bing Lin. |
| 260 ## - PUBLICATION, DISTRIBUTION, ETC. | |
| Place of publication, distribution, etc. | New York : |
| Name of publisher, distributor, etc. | John Wiley, |
| Date of publication, distribution, etc. | 2000. |
| 300 ## - PHYSICAL DESCRIPTION | |
| Extent | 532 p. : |
| Other physical details | ill. |
| 500 ## - GENERAL NOTE | |
| General note | "Wiley Computer Publishing." |
| 520 1# - SUMMARY, ETC. | |
| Summary, etc. | "This book gives network engineers and managers a window on the world of wireless and mobile networks, from the enabling technologies and protocols to creating and managing mobile services." "Lin and Chlamtac use a unique sustained example approach to teach you how PCS concepts apply to real network operation. For example, they use location update to illustrate concepts in chapters on network signaling, mobility, security/handoff, and mobile prepaid services."--BK JACKET. |
| 650 #0 - SUBJECT ADDED ENTRY--TOPICAL TERM | |
| Topical term or geographic name entry element | Wireless communication systems. |
| 650 #0 - SUBJECT ADDED ENTRY--TOPICAL TERM | |
| Topical term or geographic name entry element | Mobile communication systems. |
| 650 #0 - SUBJECT ADDED ENTRY--TOPICAL TERM | |
| Topical term or geographic name entry element | Personal communication service systems. |
| 650 #0 - SUBJECT ADDED ENTRY--TOPICAL TERM | |
| Topical term or geographic name entry element | Telecommunication |
| General subdivision | Switching systems. |
| 700 1# - ADDED ENTRY--PERSONAL NAME | |
| Personal name | Lin, Jason Yi-Bing. |
| 942 ## - ADDED ENTRY ELEMENTS (KOHA) | |
| Koha item type | Book |
| Call number prefix | 621.3845 LIN |
| Source of classification or shelving scheme | |
| Withdrawn status | Lost status | Damaged status | Not for loan | Collection code | Permanent Location | Current Location | Shelving location | Date acquired | Source of acquisition | Cost, normal purchase price | Total Checkouts | Full call number | Barcode | Date last seen | Price effective from | Koha item type |
|---|---|---|---|---|---|---|---|---|---|---|---|---|---|---|---|---|
| Central Library (CL) | Central Library (CL) | General Stacks | 09/30/2004 | Vanguard Books | 524.16 | 621.3845 LIN | SEECS004823 | 11/14/2012 | 01/05/2017 | Book | ||||||
| Central Library (CL) | Central Library (CL) | General Stacks | 05/09/2005 | Allied Book Company | 566.78 | 621.3845 LIN | SEECS005674 | 11/14/2012 | 01/05/2017 | Book | ||||||
| Central Library (CL) | Central Library (CL) | General Stacks | 08/11/2004 | Book Field | 548.29 | 621.3845 LIN | SEECS004662 | 11/14/2012 | 01/05/2017 | Book |
